Overhead capital : astudy development economic (Record no. 410352)

000 -LEADER
fixed length control field 00335cam a22001217a 4500
008 - FIXED-LENGTH DATA ELEMENTS--GENERAL INFORMATION
fixed length control field 180718b1967 xxu||||| |||| 00| 0 eng d
082 ## - DEWEY DECIMAL CLASSIFICATION NUMBER
Classification number T000 Y84
100 ## - MAIN ENTRY--PERSONAL NAME
Personal name Youngson, A.J.
245 ## - TITLE STATEMENT
Title Overhead capital : astudy development economic
260 ## - PUBLICATION, DISTRIBUTION, ETC.
Place of publication, distribution, etc. Edinburgh
Name of publisher, distributor, etc. Edinburgh
Date of publication, distribution, etc. 1967
300 ## - PHYSICAL DESCRIPTION
Extent viii,192p
650 ## - SUBJECT ADDED ENTRY--TOPICAL TERM
Topical term or geographic name entry element Economic Development.
Holdings
Withdrawn status Lost status Damaged status Not for loan Permanent Location Current Location Date acquired Full call number Barcode Date last seen Price effective from Koha item type
        Indian Institute of Public Administration Indian Institute of Public Administration 2009-01-16 T000 Y84 DA1040 2018-07-21 2018-07-21 DA

Powered by Koha